| 000 | 00610nam a2200193Ia 4500 | ||
|---|---|---|---|
| 003 | GCL | ||
| 008 | 140319s9999 xx 000 0 ara d | ||
| 040 |
_aGCL / _cGCL |
||
| 082 | 0 | 4 |
_a810.9 _bم ت |
| 100 | 1 | _aمحمد زغلول سلام | |
| 245 | 1 | 0 |
_aتاريخ النقد الادبى والبلاغة حتى القرن الرابع الهجرى / _cمحمد زغلول سلام |
| 260 |
_a[S.N] : _bمنشاة المعارف ، _c1982 |
||
| 300 | _a419 ص | ||
| 490 | _a | ||
| 650 | 0 | 4 | _aتاريخ |
| 650 | 0 | 4 | _aالنقد الادبى |
| 650 | 0 | 4 | _aالبلاغة العربية |
| 942 |
_2ddc _cBK |
||
| 999 |
_c41507 _d41507 |
||